00651nam a2200169Ia 4500008004000000020001800040082001600058100002300074245003600097260004400133300000800177650006900185690002000254906001000274999001900284952017800303210210b2002 xxu||||| |||| 00| 0 eng d a81 7829 188 6 a320.55 PARG aPAREL (Anthony J). aGandhi, freedom, and self-rule. aNew Delhi.bVistar Publications.,c2002 a164 aGandhi Gandhism Gandhian Liberty Human Rights Swaraj Hindutva  aPolitical Theor a05746 c104612d104612 001040708Political ScienceaALbALcPolitical Scienced2021-02-17eBook World, Mangalore.g190.00l1o320.55 PARGp057464r2023-08-25 00:00:00s2023-08-16w2021-02-17yBK